|
|
|
|
| LEADER |
01114nam a2200313 a 4500 |
| 001 |
2291 |
| 003 |
BD-DhAAL |
| 005 |
20150315102109.0 |
| 008 |
150315s1986 nyua b 001 0 eng |
| 010 |
|
|
|a 85018834
|
| 020 |
|
|
|a 0070355169 (pbk.) :
|c $20.95 (est.)
|
| 040 |
|
|
|a DLC
|c DLC
|d DLC
|d BD-DhAAL
|
| 050 |
0 |
0 |
|a HD31
|b .K62 1986
|
| 082 |
0 |
0 |
|a 658.4
|2 19
|
| 100 |
1 |
|
|a Koontz, Harold,
|d 1908-
|9 9617
|
| 245 |
1 |
0 |
|a Essentials of management.
|
| 250 |
|
|
|a 4th ed. /
|b Harold Koontz, Cyril O'Donnell, Heinz Weihrich.
|
| 260 |
|
|
|a New York :
|b McGraw-Hill,
|c c1986.
|
| 300 |
|
|
|a xxiii, 564 p. :
|b ill. ;
|c 24 cm.
|
| 490 |
|
|
|a McGraw-Hill series in management
|
| 500 |
|
|
|a "A concise version of the eight edition of [the author's] Management."
|
| 504 |
|
|
|a Includes bibliographies and indexes.
|
| 541 |
|
|
|e 2291
|
| 650 |
|
0 |
|a Management.
|9 9618
|
| 700 |
1 |
|
|a O'Donnell, Cyril,
|d 1900-
|9 9619
|
| 700 |
1 |
|
|a Weihrich, Heinz.
|9 9620
|
| 942 |
|
|
|2 ddc
|c BK
|
| 999 |
|
|
|c 34033
|d 34033
|
| 952 |
|
|
|0 0
|1 0
|2 ddc
|4 0
|6 658_400000000000000_KOO
|7 0
|9 53113
|a SCL
|b SCL
|c GEN
|d 2015-03-15
|l 0
|o 658.4 KOO
|p 3020002291
|r 2015-03-15
|t 1
|w 2015-03-15
|y BK
|